[Event "Int. Stuttgarter Stadtmeisterschaft A"]
[Site "Ditzingen"]
[Date "2013.05.11"]
[Round "6.22"]
[White "Andraschko, Felix"]
[Black "Jerie, Sven"]
[Result "1/2-1/2"]
[WhiteElo "2128"]
[BlackElo "2023"]
[PlyCount "67"]
[EventDate "2013.??.??"]
[WhiteTeam "SK Landau"]

1. Nf3 d5 2. d4 Nf6 3. c4 e6 4. g3 dxc4 5. Bg2 Bb4+ 6. Bd2 a5 7. O-O O-O 8. Bg5
h6 9. Bxf6 Qxf6 10. e3 Rd8 11. Qe2 b5 12. Ne5 Ra7 13. a4 bxa4 14. Nxc4 Bb7 15.
Nc3 Bxg2 16. Kxg2 Nc6 17. Rfd1 Rb7 18. Nxa4 Rdb8 19. Qf3 Qxf3+ 20. Kxf3 Rb5 21.
Rdc1 Ne7 22. Ne5 Bd6 23. Nd3 Rb3 24. Ndc5 R3b5 25. Rc2 Kh7 26. h4 g5 27. hxg5
hxg5 28. Ne4 Kg6 29. Nac3 Rxb2 30. Rxb2 Rxb2 31. Rxa5 g4+ 32. Kg2 Nf5 33. Nxd6
cxd6 34. Kf1 1/2-1/2

[Event "Int. Stuttgarter Stadtmeisterschaft A"]
[Site "Ditzingen"]
[Date "2013.05.11"]
[Round "6.23"]
[White "Schulte, Torsten"]
[Black "Schmidt, Tobias"]
[Result "1/2-1/2"]
[WhiteElo "2125"]
[BlackElo "1924"]
[PlyCount "59"]
[EventDate "2013.??.??"]
[WhiteTeam "SC Eppingen"]
[BlackTeam "SC Tamm 74"]

1. d4 d5 2. c4 dxc4 3. Nf3 Nf6 4. e3 e6 5. Bxc4 c5 6. O-O a6 7. a4 Nc6 8. Nc3
Be7 9. Qe2 cxd4 10. Rd1 e5 11. exd4 exd4 12. Nxd4 Nxd4 13. Qe3 O-O 14. Qxd4
Qxd4 15. Rxd4 Bc5 16. Rd1 Be6 17. Bxe6 fxe6 18. h3 Rad8 19. Rxd8 Rxd8 20. Bg5
Rd4 21. Be3 Rc4 22. Bxc5 Rxc5 23. a5 Ne8 24. Ra4 Nd6 25. Rd4 Nc4 26. Rd8+ Kf7
27. Rd7+ Kg6 28. Rxb7 Nxa5 29. Rb6 Rc6 30. Rxc6 1/2-1/2

[Event "Int. Stuttgarter Stadtmeisterschaft A"]
[Site "Ditzingen"]
[Date "2013.05.11"]
[Round "6.24"]
[White "Scharping, Hans-Martin"]
[Black "Capelja, Christian"]
[Result "1/2-1/2"]
[WhiteElo "2120"]
[BlackElo "1969"]
[PlyCount "52"]
[EventDate "2013.??.??"]
[WhiteTeam "SC Pforzheim 1906"]
[BlackTeam "SpVgg Rommelshausen"]

1. e4 c6 2. d4 d5 3. e5 Bf5 4. Nf3 e6 5. Be2 Nd7 6. O-O Bg6 7. Nbd2 Nh6 8. c4
Be7 9. b3 Nf5 10. Bb2 O-O 11. Re1 Re8 12. Rc1 Rc8 13. c5 f6 14. b4 fxe5 15.
dxe5 a5 16. a3 axb4 17. axb4 b6 18. Nb3 bxc5 19. bxc5 Qc7 20. Bd4 Ra8 21. Bd3
Nf8 22. Bb1 Reb8 23. Rc3 Ra3 24. Bc2 Ra7 25. Be3 Nxe3 26. Rexe3 Bxc2 1/2-1/2

[Event "Int. Stuttgarter Stadtmeisterschaft A"]
[Site "Ditzingen"]
[Date "2013.05.11"]
[Round "6.25"]
[White "Ivanov, Alexander"]
[Black "Zikeli, Saskia"]
[Result "1/2-1/2"]
[WhiteElo "1910"]
[BlackElo "2109"]
[PlyCount "90"]
[EventDate "2013.??.??"]
[WhiteTeam "SV Rottweil"]
[BlackTeam "SC Ingersheim e.V."]

1. e4 c5 2. Nf3 d6 3. Bb5+ Bd7 4. Bxd7+ Qxd7 5. c4 Nc6 6. Nc3 g6 7. d4 cxd4 8.
Nxd4 Bg7 9. Nde2 Nf6 10. f3 O-O 11. O-O Rac8 12. Be3 Qd8 13. a4 b6 14. b3 Nd7
15. Rb1 Na5 16. Bf2 Ne5 17. Nd5 e6 18. Ndc3 a6 19. Qd2 Qc7 20. Rfd1 Rfd8 21.
Na2 Nb7 22. h3 Nc5 23. Qe3 Rb8 24. Nac3 Nc6 25. Qc1 Nb4 26. Qe3 Qc6 27. Nd4 Qb7
28. Bg3 Rbc8 29. Nde2 Bf8 30. Kh1 Be7 31. Bf4 Rd7 32. Bg5 Rcd8 33. Bxe7 Rxe7
34. h4 d5 35. cxd5 exd5 36. Qd4 Nc6 37. Qf6 Re6 38. Qg5 f6 39. Qf4 dxe4 40.
Rxd8+ Nxd8 41. Nd4 Re8 42. Qxf6 Rf8 43. Qd6 exf3 44. Nxf3 Nf7 45. Qd5 Qe7
1/2-1/2

[Event "Int. Stuttgarter Stadtmeisterschaft A"]
[Site "Ditzingen"]
[Date "2013.05.11"]
[Round "6.26"]
[White "Probst, Alexander"]
[Black "Pfeifer, Wilfried"]
[Result "1/2-1/2"]
[WhiteElo "1972"]
[BlackElo "2050"]
[PlyCount "31"]
[EventDate "2013.??.??"]
[WhiteTeam "SC Blauer Turm Bad Wimpfen"]
[BlackTeam "TSF Ditzingen"]

1. e4 c6 2. Nc3 d5 3. g3 Nf6 4. Bg2 dxe4 5. Nxe4 Nxe4 6. Bxe4 Nd7 7. Ne2 Nf6 8.
Bg2 e5 9. O-O Bc5 10. d3 O-O 11. Nc3 Nd5 12. Nxd5 cxd5 13. c4 dxc4 14. dxc4 Qb6
15. Qe2 Be6 16. b3 1/2-1/2

[Event "Int. Stuttgarter Stadtmeisterschaft A"]
[Site "Ditzingen"]
[Date "2013.05.11"]
[Round "6.27"]
[White "Keller, Harald"]
[Black "Dimitriadis, Pavlos"]
[Result "1/2-1/2"]
[WhiteElo "2049"]
[BlackElo "1871"]
[PlyCount "96"]
[EventDate "2013.??.??"]
[WhiteTeam "SV Rottweil"]
[BlackTeam "SV Reutlingen"]

1. e4 e5 2. Nf3 Nc6 3. d4 exd4 4. Bc4 Nf6 5. O-O Nxe4 6. Re1 d5 7. Bxd5 Qxd5 8.
Nc3 Qa5 9. Nxe4 Be6 10. Neg5 O-O-O 11. Nxe6 fxe6 12. Rxe6 Bd6 13. Bg5 Rde8 14.
Qe2 Ref8 15. Bh4 Qh5 16. Bg3 Bxg3 17. hxg3 Qd5 18. a3 Rd8 19. Rd1 Qd7 20. Rd3
Rhe8 21. Re4 Rxe4 22. Qxe4 h6 23. c3 Qd5 24. Qxd5 Rxd5 25. Nxd4 Ne5 26. Rd2 c5
27. Nb3 Rxd2 28. Nxd2 Kd7 29. Kf1 b5 30. Ke2 Kc6 31. f4 Nd7 32. Kd3 Kd6 33. c4
a6 34. Ne4+ Kc6 35. g4 Kc7 36. g5 Kc6 37. gxh6 gxh6 38. g4 Kc7 39. b3 Kc6 40.
Ng3 Nf6 41. g5 hxg5 42. fxg5 Nd7 43. Ke4 Nf8 44. Ke5 a5 45. cxb5+ Kxb5 46. Kd5
a4 47. bxa4+ Kxa4 48. Kxc5 Ne6+ 1/2-1/2

[Event "Int. Stuttgarter Stadtmeisterschaft A"]
[Site "Ditzingen"]
[Date "2013.05.11"]
[Round "6.29"]
[White "Bergner, Philipp"]
[Black "Rau, Jürgen"]
[Result "1/2-1/2"]
[WhiteElo "1946"]
[BlackElo "2124"]
[PlyCount "48"]
[EventDate "2013.??.??"]
[WhiteTeam "Mönchfelder SV 1967"]
[BlackTeam "SV Dicker Turm Esslingen"]

1. d4 Nf6 2. Nf3 g6 3. Nc3 d5 4. Bf4 Bg7 5. e3 O-O 6. Be2 c5 7. Ne5 Nc6 8. O-O
cxd4 9. exd4 Qb6 10. Nxc6 Qxc6 11. Bb5 Qb6 12. a4 Bg4 13. f3 Bf5 14. a5 Qd8 15.
Re1 a6 16. Bf1 Re8 17. Be5 Rc8 18. g4 Be6 19. Bd3 Rc6 20. Qd2 Qc8 21. Qg2 Nd7
22. Bxg7 Kxg7 23. Ne2 f6 24. c3 Bf7 1/2-1/2

[Event "Int. Stuttgarter Stadtmeisterschaft A"]
[Site "Ditzingen"]
[Date "2013.05.11"]
[Round "6.30"]
[White "Gabriel, Josef"]
[Black "Walliser, Holger"]
[Result "1/2-1/2"]
[WhiteElo "2123"]
[BlackElo "1942"]
[PlyCount "52"]
[EventDate "2013.??.??"]
[WhiteTeam "Stuttgarter SF 1879"]
[BlackTeam "SK Sontheim/Brenz e.V."]

1. e4 c5 2. Nf3 d6 3. d4 cxd4 4. Nxd4 Nf6 5. Nc3 g6 6. Bg5 Bg7 7. Qd2 O-O 8.
O-O-O Bd7 9. f3 Nc6 10. Nb3 Be6 11. Nd5 Bxd5 12. exd5 Ne5 13. Kb1 a6 14. Be2 b5
15. Rhe1 Qc7 16. Qa5 Rfc8 17. c3 h6 18. Be3 Qb7 19. Qa3 Nc4 20. Bxc4 bxc4 21.
Na5 Qb5 22. Qb4 Nxd5 23. Qxb5 axb5 24. Rxd5 Rxa5 25. Bb6 Ra6 26. Bf2 e6 1/2-1/2

[Event "Int. Stuttgarter Stadtmeisterschaft A"]
[Site "Ditzingen"]
[Date "2013.05.11"]
[Round "6.31"]
[White "Felser, Martin"]
[Black "Scheeff, Volker"]
[Result "0-1"]
[WhiteElo "1880"]
[BlackElo "2109"]
[PlyCount "138"]
[EventDate "2013.??.??"]
[WhiteTeam "SK Marktoberdorf"]
[BlackTeam "SK Schmiden/Cannstatt"]

1. c4 e5 2. g3 Nf6 3. Bg2 d5 4. cxd5 Nxd5 5. Nc3 Nb6 6. d3 Nc6 7. Nf3 Be7 8.
O-O O-O 9. b3 Be6 10. h3 Qd7 11. Kh2 Nd5 12. Bb2 Nxc3 13. Bxc3 f6 14. Nd2 Rad8
15. Rc1 Ba3 16. Rb1 Bc5 17. Ne4 Be7 18. Qc1 Bd5 19. Bb2 Nd4 20. Nc3 Bxg2 21.
Kxg2 Bb4 22. Ne4 f5 23. Qc4+ Qd5 24. Qxb4 fxe4 25. Qc4 exd3+ 26. Qxd5+ Rxd5 27.
exd3 Nc6 28. Rbd1 Nb4 29. Ba3 a5 30. Rfe1 Rfd8 31. Bxb4 axb4 32. Re3 Kf7 33.
Rd2 Kf6 34. Rf3+ Ke6 35. Re3 g5 36. Rde2 Kf6 37. Rd2 Rd4 38. Rde2 R8d5 39. Rd2
e4 40. dxe4 Rxd2 41. exd5 Rxd5 42. Re2 Rd3 43. Re4 c5 44. Re8 Rd2 45. Rb8 Rxa2
46. Rxb7 Ke5 47. Rxh7 Rb2 48. Rh5 Rxb3 49. Rxg5+ Kd4 50. h4 Ra3 51. h5 b3 52.
h6 Ra8 53. Rh5 b2 54. Rh1 Rh8 55. g4 Rxh6 56. Rxh6 b1=Q 57. Rh3 Qe4+ 58. f3
Qe2+ 59. Kg3 Qe1+ 60. Kg2 Ke3 61. Rh5 Qf2+ 62. Kh3 Qxf3+ 63. Kh4 Qf6+ 64. Kh3
c4 65. Rf5 Qg6 66. Rc5 Kd4 67. Rc8 c3 68. Rd8+ Ke3 69. Re8+ Qxe8 0-1

[Event "Int. Stuttgarter Stadtmeisterschaft A"]
[Site "Ditzingen"]
[Date "2013.05.11"]
[Round "6.32"]
[White "Koch, Martin"]
[Black "Schuster, Gerhard"]
[Result "1-0"]
[WhiteElo "1876"]
[BlackElo "2017"]
[PlyCount "95"]
[EventDate "2013.??.??"]
[WhiteTeam "SC Schachmatt Botnang"]
[BlackTeam "SC Feuerbach e. V."]

1. e4 c6 2. d4 d5 3. exd5 cxd5 4. c4 Nf6 5. Nc3 e6 6. Nf3 Bb4 7. Bd3 dxc4 8.
Bxc4 O-O 9. O-O Nbd7 10. Bg5 a6 11. Qe2 b5 12. Bb3 Bb7 13. Ne5 Be7 14. Rad1 Nb6
15. Rfe1 Nfd5 16. Bxe7 Qxe7 17. Ne4 Nf4 18. Qe3 Nbd5 19. Qg3 Nh5 20. Qd3 Ndf4
21. Qd2 Rad8 22. g3 Nh3+ 23. Kf1 h6 24. Qe2 Nf6 25. Nc5 Bd5 26. f4 Qd6 27. Bxd5
Nxd5 28. Nb7 Qb6 29. Nxd8 Rxd8 30. Qg4 f6 31. Nf3 Nhxf4 32. gxf4 f5 33. Qg3 Nf6
34. Qf2 Ne4 35. Qe3 Qb7 36. Ne5 Qd5 37. b3 Rc8 38. Rc1 Rb8 39. Qd3 Nf6 40. Kg1
Nh5 41. Qe3 Nf6 42. Rc5 Qd6 43. Rec1 Kh7 44. Rc6 Qa3 45. R1c2 Nd5 46. Qg3 g5
47. fxg5 f4 48. Qd3+ 1-0

[Event "Int. Stuttgarter Stadtmeisterschaft A"]
[Site "Ditzingen"]
[Date "2013.05.11"]
[Round "6.33"]
[White "Schulz, Jens Peter"]
[Black "Ackermann, Hermann"]
[Result "0-1"]
[WhiteElo "1839"]
[BlackElo "1973"]
[PlyCount "74"]
[EventDate "2013.??.??"]
[WhiteTeam "SV Dicker Turm Esslingen"]
[BlackTeam "SC Pforzheim 1906"]

1. e4 d6 2. d4 Nf6 3. Nc3 g6 4. f4 Bg7 5. Nf3 Bg4 6. Be3 c6 7. Bd3 Nbd7 8. e5
Nd5 9. Nxd5 cxd5 10. O-O dxe5 11. fxe5 O-O 12. Qd2 Bxf3 13. Rxf3 e6 14. Rh3 f6
15. Bh6 Rf7 16. Rf1 f5 17. Kh1 Qb6 18. c3 a5 19. g4 a4 20. gxf5 exf5 21. Qg2
Qe6 22. a3 Nf8 23. Bxg7 Rxg7 24. Rh6 Qd7 25. c4 Rd8 26. cxd5 Kh8 27. d6 Qe6 28.
Rc1 Qb3 29. Rh3 Qb6 30. d5 f4 31. Re1 g5 32. Rh6 g4 33. Qe4 f3 34. Rf1 Qxb2 35.
Bc2 Rc8 36. Rxf3 Qc1+ 37. Kg2 gxf3+ 0-1

[Event "Int. Stuttgarter Stadtmeisterschaft A"]
[Site "Ditzingen"]
[Date "2013.05.11"]
[Round "6.34"]
[White "Kammer, Christoph"]
[Black "Novak, Josua"]
[Result "1-0"]
[WhiteElo "1968"]
[BlackElo "1922"]
[PlyCount "33"]
[EventDate "2013.??.??"]
[WhiteTeam "TSV Nittenau"]
[BlackTeam "TSV Münchingen"]

1. e4 c5 2. Nc3 g6 3. d4 cxd4 4. Qxd4 Nf6 5. Nf3 Bg7 6. e5 Nc6 7. Qa4 Ng8 8.
Bf4 Nh6 9. h3 O-O 10. O-O-O a6 11. g4 Rb8 12. Qe4 f6 13. Bc4+ Kh8 14. exf6 Rxf6
15. Bxb8 b5 16. g5 Rf5 17. Qxc6 1-0

[Event "Int. Stuttgarter Stadtmeisterschaft A"]
[Site "Ditzingen"]
[Date "2013.05.11"]
[Round "6.35"]
[White "Steinhart, Christoph"]
[Black "Schömbs, Oliver"]
[Result "0-1"]
[WhiteElo "1961"]
[BlackElo "1870"]
[PlyCount "86"]
[EventDate "2013.??.??"]
[WhiteTeam "TSV Schönaich"]
[BlackTeam "SC Ingersheim e.V."]

1. e4 c5 2. Nf3 d6 3. d4 cxd4 4. Nxd4 Nf6 5. Nc3 g6 6. Be3 Bg7 7. f3 Nc6 8. Qd2
Bd7 9. g4 h5 10. g5 Nh7 11. h4 Nxd4 12. Bxd4 Bxd4 13. Qxd4 O-O 14. O-O-O Bc6
15. f4 Qb6 16. Qd3 Qf2 17. Qd2 Qxd2+ 18. Rxd2 f5 19. Bc4+ Kg7 20. Rf1 fxe4 21.
Nd5 Bxd5 22. Bxd5 Rab8 23. Bxe4 b6 24. Bg2 Rbc8 25. Re2 Rc7 26. Bh3 Re8 27.
Rfe1 Nf8 28. f5 gxf5 29. Bxf5 e5 30. Rd2 Rf7 31. Bh3 Ng6 32. Rxd6 Nxh4 33. Be6
Rf2 34. Rh1 Nf3 35. Rxh5 Rf1+ 36. Rd1 Rxd1+ 37. Kxd1 Rxe6 38. c3 Rg6 39. Rh3 e4
40. a4 Rxg5 41. b4 Rd5+ 42. Kc2 Ng5 43. Rh4 e3 0-1

[Event "Int. Stuttgarter Stadtmeisterschaft A"]
[Site "Ditzingen"]
[Date "2013.05.11"]
[Round "6.36"]
[White "Weber, Sandra"]
[Black "Kaplunov, Vadym"]
[Result "1/2-1/2"]
[WhiteElo "1766"]
[BlackElo "1953"]
[PlyCount "46"]
[EventDate "2013.??.??"]
[WhiteTeam "SC Neckarsulm e.V."]
[BlackTeam "Stuttgarter SF 1879"]

1. e4 g6 2. Nc3 d6 3. d4 Bg7 4. Bc4 c6 5. a4 Nf6 6. f3 O-O 7. Nge2 Qc7 8. Ba2
Rd8 9. Be3 a5 10. Qd2 Na6 11. g4 Nb4 12. h4 e5 13. h5 Nxa2 14. Rxa2 Nd7 15.
hxg6 fxg6 16. d5 Rf8 17. Ng1 Rf7 18. Qh2 Bh8 19. Ra1 Nf6 20. Nh3 Rb8 21. Ng5
Re7 22. Kd2 Bd7 23. Qe2 Bg7 1/2-1/2

[Event "Int. Stuttgarter Stadtmeisterschaft A"]
[Site "Ditzingen"]
[Date "2013.05.11"]
[Round "6.37"]
[White "Turski, Tomasz"]
[Black "Schmidt, Markus"]
[Result "0-1"]
[WhiteElo "2042"]
[BlackElo "1894"]
[PlyCount "90"]
[EventDate "2013.??.??"]
[WhiteTeam "SC Ingersheim e.V."]
[BlackTeam "Stuttgarter SF 1879"]

1. d4 Nf6 2. c4 g6 3. Nc3 Bg7 4. e4 d6 5. Bd3 e5 6. Nge2 exd4 7. Nxd4 O-O 8.
O-O Nbd7 9. Bg5 c6 10. Qd2 Qc7 11. Rad1 Nc5 12. Bc2 Re8 13. f3 Nfd7 14. Kh1 Ne5
15. b3 f6 16. Be3 Rd8 17. h3 Nf7 18. Bf4 Qe7 19. g4 Ne6 20. Nxe6 Bxe6 21. Ne2
Rd7 22. Nd4 Rad8 23. Rfe1 Ne5 24. Qe3 Bf7 25. g5 Re8 26. Rd2 a6 27. Red1 Qd8
28. c5 dxc5 29. Nxc6 bxc6 30. Bxe5 Rxd2 31. Rxd2 Qc8 32. Bxf6 Qxh3+ 33. Kg1 c4
34. Bxg7 Kxg7 35. bxc4 Qg3+ 36. Rg2 Qe5 37. Bd3 Rd8 38. Bf1 Rd1 39. Rd2 Qg3+
40. Rg2 Qe5 41. Qe2 Qd4+ 42. Rf2 Bxc4 43. Qxd1 Qxd1 44. Kg2 Bxf1+ 45. Rxf1 Qd2+
0-1

[Event "Int. Stuttgarter Stadtmeisterschaft A"]
[Site "Ditzingen"]
[Date "2013.05.11"]
[Round "6.38"]
[White "Giricz, Thomas"]
[Black "Severin, Andreas"]
[Result "0-1"]
[WhiteElo "1875"]
[BlackElo "2035"]
[PlyCount "68"]
[EventDate "2013.??.??"]
[WhiteTeam "VfL Sindelfingen"]
[BlackTeam "SV Reutlingen"]

1. e4 g6 2. d4 Bg7 3. Nc3 d6 4. Be3 e5 5. d5 f5 6. f3 Nf6 7. Qd2 fxe4 8. fxe4
Ng4 9. O-O-O Nxe3 10. Qxe3 O-O 11. Kb1 Bg4 12. Be2 Bxe2 13. Ngxe2 Qd7 14. h3 b5
15. Nc1 b4 16. N3e2 a5 17. g4 Na6 18. g5 Nc5 19. Nd3 Nxd3 20. cxd3 Rf7 21. Rdf1
Rxf1+ 22. Rxf1 c6 23. dxc6 Qxc6 24. h4 Rf8 25. Rh1 d5 26. Ng3 d4 27. Qe2 h5 28.
Rc1 Qe6 29. Rh1 a4 30. Ka1 b3 31. a3 Rc8 32. Kb1 Rc2 33. Qf3 Qc6 34. Rf1 Rxb2+
0-1

[Event "Int. Stuttgarter Stadtmeisterschaft A"]
[Site "Ditzingen"]
[Date "2013.05.11"]
[Round "6.39"]
[White "Klaus, Dominik"]
[Black "Süß, Stefan"]
[Result "1-0"]
[WhiteElo "1880"]
[BlackElo "1826"]
[PlyCount "135"]
[EventDate "2013.??.??"]
[WhiteTeam "Ssg Fils-Lauter e. V."]
[BlackTeam "Mosbacher SC von 1931"]

1. d4 Nf6 2. c4 g6 3. Nf3 Bg7 4. g3 O-O 5. Bg2 d6 6. Nc3 Nbd7 7. e4 c6 8. O-O
Qc7 9. Qe2 e5 10. d5 Rd8 11. h3 a5 12. Be3 a4 13. Qc2 Qa5 14. Rfd1 c5 15. Nb5
Bf8 16. Bd2 Qb6 17. b3 a3 18. Bc1 Ne8 19. Bxa3 Nc7 20. Nxc7 Rxa3 21. Nb5 Ra5
22. Ne1 Rxb5 23. cxb5 Qxb5 24. Bf1 Qa5 25. Qd2 Qxd2 26. Rxd2 Bh6 27. Rb2 Nf6
28. Bg2 b5 29. a4 b4 30. g4 Ba6 31. Bf3 Bg5 32. Be2 Ra8 33. Bxa6 Rxa6 34. Re2
Bf4 35. Nd3 g5 36. Nb2 Kf8 37. Nc4 Ke7 38. Ne3 Bxe3 39. Rxe3 Ng8 40. Kf1 Ra5
41. Ke2 f6 42. h4 Kf7 43. Kd3 h6 44. hxg5 fxg5 45. Rh1 Kg7 46. Rf3 Ne7 47. Rhh3
Ng6 48. Kc4 Ne7 49. Rh5 Ng8 50. Rfh3 Kg6 51. Rh1 Kg7 52. R5h2 Kg6 53. Rh3 Kg7
54. Rf3 Ne7 55. Rhh3 Ng8 56. Rf5 Ne7 57. Rhf3 Nxf5 58. exf5 Kf6 59. Rh3 Kg7 60.
f6+ Kg6 61. f7 Ra8 62. Rf3 Rf8 63. Kd3 Kg7 64. a5 Kg6 65. a6 Kg7 66. a7 h5 67.
gxh5 e4+ 68. Kxe4 1-0

[Event "Int. Stuttgarter Stadtmeisterschaft A"]
[Site "Ditzingen"]
[Date "2013.05.11"]
[Round "6.40"]
[White "Hamm, Lukas"]
[Black "Zorn, Nico"]
[Result "1-0"]
[WhiteElo "1890"]
[BlackElo "1837"]
[PlyCount "111"]
[EventDate "2013.??.??"]
[WhiteTeam "SV Stuttgart-Wolfbusch 1956 e.V."]
[BlackTeam "SC Laufenburg"]

1. e4 d6 2. d4 g6 3. Bc4 Bg7 4. Nc3 Nf6 5. Nge2 O-O 6. O-O c6 7. Bb3 Nbd7 8. f4
e6 9. h3 Nb6 10. Ng3 d5 11. e5 Nfd7 12. Be3 Nc4 13. Bxc4 dxc4 14. Nge4 Nb6 15.
Nd6 Nd5 16. Nxc4 b5 17. Nxd5 cxd5 18. Nd2 Re8 19. Nb3 Bd7 20. Bd2 Bf8 21. Qe1
Qb6 22. Bb4 Rec8 23. Bxf8 Kxf8 24. Nc5 Rxc5 25. dxc5 Qxc5+ 26. Rf2 a5 27. Kh2
Qd4 28. c3 Qc4 29. b3 Qc5 30. b4 Qc4 31. bxa5 Rxa5 32. Qe3 Ra3 33. Rc1 Rxa2 34.
Rxa2 Qxa2 35. Qc5+ Ke8 36. Rf1 Qc4 37. Qxc4 bxc4 38. Ra1 Kf8 39. Kg3 Kg7 40.
Ra7 Be8 41. Kg4 h6 42. h4 Bc6 43. g3 h5+ 44. Kg5 d4 45. cxd4 Be4 46. Rc7 Bf5
47. Rxc4 Bg4 48. Rc7 Bf5 49. Rd7 Bg4 50. d5 exd5 51. Rxd5 Bf5 52. Rd6 Bh3 53.
Rf6 Bd7 54. f5 Be8 55. fxg6 fxg6 56. e6 1-0

[Event "Int. Stuttgarter Stadtmeisterschaft A"]
[Site "Ditzingen"]
[Date "2013.05.11"]
[Round "6.41"]
[White "Hoeschele, Hans-Ulrich"]
[Black "Srokovskiy, Andrea"]
[Result "1/2-1/2"]
[WhiteElo "2115"]
[BlackElo "1767"]
[PlyCount "69"]
[EventDate "2013.??.??"]
[WhiteTeam "Stuttgarter SF 1879"]
[BlackTeam "OSG Baden-Baden"]

1. Nf3 c5 2. c3 d5 3. d4 e6 4. g3 Nf6 5. Bg2 Be7 6. O-O O-O 7. Nbd2 b6 8. Qc2
Bb7 9. Ne5 Nc6 10. Ndf3 Rc8 11. Nxc6 Bxc6 12. Rd1 c4 13. Ne5 Bb7 14. f3 Nd7 15.
Ng4 Nf6 16. Nf2 b5 17. g4 Qc7 18. e4 dxe4 19. fxe4 Rcd8 20. Qe2 e5 21. Be3 a6
22. g5 Nd7 23. Ng4 f5 24. gxf6 Nxf6 25. d5 Bc5 26. Bxc5 Qxc5+ 27. Qe3 Qd6 28.
Nxf6+ gxf6 29. Rf1 Rd7 30. Bh3 Rg7+ 31. Kh1 Bc8 32. Rg1 Bxh3 33. Rxg7+ Kxg7 34.
Qxh3 Kh8 35. Qf5 1/2-1/2

[Event "Int. Stuttgarter Stadtmeisterschaft A"]
[Site "Ditzingen"]
[Date "2013.05.11"]
[Round "6.42"]
[White "Engelhardt, Frank"]
[Black "Mayer, Dietmar"]
[Result "0-1"]
[WhiteElo "1882"]
[BlackElo "1802"]
[PlyCount "80"]
[EventDate "2013.??.??"]
[WhiteTeam "SC Schachmatt Botnang"]
[BlackTeam "SC Böblingen 1975 e.V."]

1. e4 d5 2. exd5 Nf6 3. d4 Bg4 4. Be2 Bxe2 5. Nxe2 Qxd5 6. O-O Nc6 7. Nbc3 Qf5
8. Ng3 Qg6 9. Be3 O-O-O 10. Nce2 e5 11. c3 h5 12. f4 h4 13. f5 Qh7 14. Nh1 Ng4
15. Bg5 f6 16. h3 fxg5 17. hxg4 h3 18. g3 h2+ 19. Kf2 Qh3 20. Kf3 e4+ 21. Ke3
Qxg4 22. Nc1 Qxd1 23. Rxd1 Bd6 24. Kxe4 g4 25. Nd3 Rhe8+ 26. Ne5 Bxe5 27. dxe5
Rxe5+ 28. Kf4 Rxd1 29. Rxd1 Re2 30. Rb1 Rg2 31. Kxg4 Rg1 32. Kh3 Rxb1 33. Kxh2
Rxb2+ 34. Kh3 Rxa2 35. g4 Rc2 36. Kg3 Rxc3+ 37. Kh4 Rf3 38. Kg5 a5 39. Kg6 Ne5+
40. Kxg7 Nxg4 0-1

[Event "Int. Stuttgarter Stadtmeisterschaft A"]
[Site "Ditzingen"]
[Date "2013.05.11"]
[Round "6.43"]
[White "Wezel, Sebastian"]
[Black "Altimira, Jordi"]
[Result "1/2-1/2"]
[WhiteElo "1848"]
[BlackElo "1872"]
[PlyCount "54"]
[EventDate "2013.??.??"]
[WhiteTeam "SV Dettingen Erms"]
[BlackTeam "SV Rottweil"]

1. d4 Nf6 2. c4 e5 3. dxe5 Ng4 4. Qd4 d6 5. exd6 Bxd6 6. Nf3 O-O 7. Nc3 Nc6 8.
Qd1 Re8 9. e3 Bf5 10. a3 Re6 11. Nb5 Nxf2 12. Kxf2 Bg3+ 13. Ke2 Qxd1+ 14. Kxd1
Rd8+ 15. Nbd4 Nxd4 16. exd4 Bf2 17. d5 c6 18. Bd2 cxd5 19. c5 Bxc5 20. Rc1 Bb6
21. Bb5 Be4 22. Bg5 f6 23. Bf4 Bxf3+ 24. gxf3 g6 25. Re1 Rxe1+ 26. Kxe1 Bd4 27.
Rc2 a6 1/2-1/2

[Event "Int. Stuttgarter Stadtmeisterschaft A"]
[Site "Ditzingen"]
[Date "2013.05.11"]
[Round "6.44"]
[White "Frederiksen Kristian, Pade"]
[Black "Helmich, Jörg"]
[Result "1/2-1/2"]
[WhiteElo "1843"]
[BlackElo "1803"]
[PlyCount "55"]
[EventDate "2013.??.??"]
[WhiteTeam "Europchess"]
[BlackTeam "Regensb. Turnerschaft"]

1. d4 f5 2. c4 Nf6 3. Nc3 d6 4. Nf3 g6 5. g3 Bg7 6. Bg2 O-O 7. O-O c6 8. Re1
Qc7 9. d5 e5 10. dxe6 Bxe6 11. Bf4 Rd8 12. c5 Ne8 13. Ng5 Qd7 14. Nxe6 Qxe6 15.
e4 Na6 16. exf5 Qxf5 17. cxd6 Qd7 18. Qb3+ Kh8 19. Re7 Qf5 20. Rf7 Nc5 21. Qc4
Qe6 22. Qxe6 Nxe6 23. Rxb7 Nxf4 24. gxf4 Nxd6 25. Rc7 Rab8 26. Rxc6 Rxb2 27.
Rd1 Nb7 28. Rxd8+ 1/2-1/2

[Event "Int. Stuttgarter Stadtmeisterschaft A"]
[Site "Ditzingen"]
[Date "2013.05.12"]
[Round "7.1"]
[White "Ikonnikov, Vyacheslav"]
[Black "Karpatchev, Aleksandr"]
[Result "1/2-1/2"]
[WhiteElo "2533"]
[BlackElo "2488"]
[PlyCount "31"]
[EventDate "2013.??.??"]
[WhiteTeam "SF Bad Mergentheim"]
[BlackTeam "SF Bad Mergentheim"]

1. d4 d5 2. Nf3 Nc6 3. c4 Bg4 4. Nc3 e6 5. cxd5 exd5 6. Bf4 Bb4 7. e3 Nf6 8. a3
Bxc3+ 9. bxc3 O-O 10. Bd3 Na5 11. Qc2 Bh5 12. Ne5 Bg6 13. Bg5 Re8 14. O-O Qd6
15. Bxf6 Qxf6 16. Bxg6 1/2-1/2

[Event "Int. Stuttgarter Stadtmeisterschaft A"]
[Site "Ditzingen"]
[Date "2013.05.12"]
[Round "7.3"]
[White "Dgebuadze, Alexandre"]
[Black "Vaysberg, Alexander"]
[Result "1/2-1/2"]
[WhiteElo "2528"]
[BlackElo "2202"]
[PlyCount "87"]
[EventDate "2013.??.??"]
[WhiteTeam "SC 1950 Remagen"]
[BlackTeam "SG Ludwigsburg 1919"]

1. e4 e5 2. Nf3 Nf6 3. Nxe5 d6 4. Nf3 Nxe4 5. Nc3 Nxc3 6. dxc3 Nc6 7. Bf4 Be7
8. Qd2 h6 9. O-O-O Be6 10. Kb1 a6 11. Bd3 Qd7 12. Be4 Bf6 13. Rhe1 O-O-O 14. a3
Rhe8 15. Nd4 Nxd4 16. cxd4 Bf5 17. f3 d5 18. Bxf5 Qxf5 19. g4 Qd7 20. Be5 Bh4
21. Re2 f6 22. Bf4 Rxe2 23. Qxe2 Qb5 24. Qe7 Qd7 25. Qc5 b6 26. Qc3 Re8 27. Qd3
Kb7 28. c4 Bg5 29. Bg3 Re3 30. Qc2 Rxf3 31. cxd5 f5 32. gxf5 Qxf5 33. Re1 Bf6
34. Rc1 Bd8 35. Qxf5 Rxf5 36. d6 c5 37. dxc5 Rxc5 38. Re1 Kc6 39. Re8 Bf6 40.
Ra8 a5 41. Ra7 Rb5 42. Rc7+ Kd5 43. Rc2 Ke6 44. Re2+ 1/2-1/2

[Event "Int. Stuttgarter Stadtmeisterschaft A"]
[Site "Ditzingen"]
[Date "2013.05.12"]
[Round "7.4"]
[White "Melzner, Lukas"]
[Black "Dobosz, Henryk"]
[Result "0-1"]
[WhiteElo "2189"]
[BlackElo "2374"]
[PlyCount "50"]
[EventDate "2013.??.??"]
[WhiteTeam "SK Klosterlechfeld"]
[BlackTeam "BG Buchen"]

1. c4 c5 2. g3 Nf6 3. Bg2 d5 4. cxd5 Nxd5 5. Nc3 Nc7 6. Nf3 Nc6 7. O-O e5 8. a3
f6 9. d3 Be6 10. Be3 Qd7 11. Rc1 Nd4 12. Nd2 Na6 13. Nce4 Be7 14. Bxd4 exd4 15.
Nc4 O-O 16. Qd2 b6 17. f4 Rac8 18. Rc2 Nc7 19. b4 cxb4 20. axb4 Nd5 21. f5 Bxf5
22. Rxf5 Qxf5 23. Ncd6 Bxd6 24. Rxc8 Qxc8 25. Nxd6 Qe6 0-1

[Event "Int. Stuttgarter Stadtmeisterschaft A"]
[Site "Ditzingen"]
[Date "2013.05.12"]
[Round "7.5"]
[White "Baskin, Robert"]
[Black "Gheng, Josef"]
[Result "1-0"]
[WhiteElo "2157"]
[BlackElo "2311"]
[PlyCount "43"]
[EventDate "2013.??.??"]
[WhiteTeam "SAbt TuS Makkabi Ffm"]
[BlackTeam "SC Erdmannhausen"]

1. e4 e5 2. Nf3 Nc6 3. Bb5 a6 4. Ba4 Nf6 5. d3 d6 6. c3 Be7 7. O-O b5 8. Bb3
Na5 9. Bc2 c5 10. Re1 h6 11. Nbd2 g5 12. d4 Qc7 13. Nf1 cxd4 14. cxd4 Bg4 15.
Ne3 Bxf3 16. Qxf3 Rc8 17. d5 Nc4 18. Nf5 Qa5 19. Be3 Nxb2 20. Nxd6+ Kd7 21.
Nxc8 Rxc8 22. Qf5+ 1-0